00837nam a2200205Ia 4500001001000000003000500010008004100015010001100056040000900067100003000076245020900106260003400315300001000349502010600359650002500465650004000490650003000530650003400560710003700594Para_9116CHAP220125s2006 xx 000 0 und d a207869 cCHAP aPadilla Vásquez, Gaspar aEvaluación de nueve productos químicos orgánicos e inorgánicos sobre poblaciones de nemátodos en el cultivo de espinaca (Spinacea oleracea) en Chapingo, México /c por Gaspar Padilla Vásquez aChapingo, Méx. :b el autor a47 h. aTesis (Ing. Agr. Esp. en Parasitología Agrícola) -- UACh. Departamento Parasitología Agrícola aEspinacas x plagas  aNemátodos parásitos de plantas  aPesticidas x análisis  aPesticidas x investigación aUACh. Parasitología Agrícola